Characters in the Tales of Dunk and Egg - Statistics

General Stats
  • This quiz has been taken 49 times
  • The average score is 17 of 31
Answer Stats
Description Character % Correct
Young Targaryen prince squiring for the above; called Egg Prince Aegon Targaryen
100%
Young, naive but courageous hedge knight Ser Duncan the Tall
100%
Heir and Hand of the King; called Breakspear; accidentally slain at the tourney at Ashford Prince Baelor Targaryen
94%
Monstrously cruel Targaryen prince; called Brightflame Prince Aerion Targaryen
91%
Alcoholic Targaryen prince; called the Drunken Prince Daeron Targaryen
91%
Harsh fourth son of the King, sixth-in-line to the Iron Throne; father of Egg Prince Maekar Targaryen
91%
Albino Hand of the King suspected of using sorcery and black magic; called Lord Bloodraven Ser Brynden Rivers
82%
Third son of the Black Dragon, second Blackfyre pretender; used the alias Ser John the Fiddler King Daemon II Blackfyre
76%
Eldest son of Breakspear, second-in-line for the Iron Throne Prince Valarr Targaryen
76%
Skilled knight of House Baratheon; called the Laughing Storm Ser Lyonel Baratheon
73%
Old hedge knight from Pennytree; died of a chill on the way to Ashford Ser Arlan of Pennytree
67%
Lady of Coldmoat known for her dead husbands; called the Red Widow Lady Rohanne Webber
64%
Pretty Dornish puppeteer Tanselle Too-Tall
64%
Elderly knight of Standfast Lord Eustace Osgrey
55%
Founder of House Fossoway of New Barrel Ser Raymun Fossoway
48%
Dishonorable knight and heir to House Fossoway of Cider Hall Ser Steffon Fossoway
45%
Big ugly knight of House Inchfield; called the Longinch; slain at the Chequy Water Ser Lucas Inchfield
42%
Knight of House Beesbury; slain at the the tourney at Ashford Ser Humfrey Beesbury
39%
Knight of House Hardyng; succumbed to wounds taken at the tourney at Ashford Ser Humfrey Hardyng
39%
Gruff blacksmith Steely Pate
39%
Unsavory hedge knight who never washes Ser Bennis of the Brown Shield
36%
Jealous head of House Cockshaw; drowned in a well at Whitewalls Lord Alyn Cockshaw
33%
Wealthy Lord of Whitewalls and head of House Butterwell Lord Ambrose Butterwell
33%
Young hedge knight who claims to be the bastard son of Fireball; called the Knight of the Pussywillows Ser Glendon Flowers
30%
Mysterious hedge knight of House Plumm Ser Maynard Plumm
30%
Sour head of House Peake and supporter of Ser John the Fiddler; executed at Whitewalls Lord Gormon Peake
27%
Black-hearted knight of House Heddle and captain of the garrison at Whitewalls; slain at Whitewalls Ser "Black" Tommard Heddle
27%
Old-one eyed knight of House Rhysling Ser Robyn Rhysling
27%
Fat septon prone to gossip and good-brother to the Red Widow Septon Sefton
18%
Red-haired hedge knight from Misty Moor; called the Cat of Misty Moor Ser Kyle the Cat
18%
Shrewd tourney knight who keeps a low-profile; called the Snail Ser Uthor Underleaf
15%
No matching quizzes found
Score Distribution
Percent of People with Each Score
Percentile by Number Answered
Your Score History
You have not taken this quiz